[Event "Maia Chiburdanidze Cup"]
[Site "Tbilisi GEO"]
[Date "2009.06.09"]
[Round "5"]
[White "Arabidze,M"]
[Black "Melia,S"]
[Result "0-1"]
[WhiteElo "2258"]
[BlackElo "2440"]

1.d4 Nf6 2.c4 e6 3.Nf3 c5 4.d5 exd5 5.cxd5 d6 6.Nc3 g6 7.g3 Bg7 8.Bg2 O-O
9.O-O a6 10.a4 Re8 11.Bf4 Qc7 12.Rc1 Nh5 13.Be3 Nd7 14.b4 Rxe3 15.fxe3 cxb4
16.Ne4 Qb6 17.Kh1 Nhf6 18.a5 Qxa5 19.Nxd6 Nc5 20.Qc2 Bf8 21.Nd2 Bxd6 22.Rxf6 Be7
23.Rff1 Qd8 24.Nc4 a5 25.d6 Bf8 26.e4 Be6 27.e5 b3 28.Qc3 a4 29.Na3 Nd7 30.Qc7 Nxe5
31.Qxb7 Rb8 32.Qe4 Qxd6 33.Rcd1 Qxa3 34.Qxe5 Qb4 35.Rf4 Qb6 36.Rxa4 b2 37.Be4 Bg7
38.Qxb8+ Qxb8 39.Ra8 Qxa8 40.Bxa8 Bf5 41.e4 Bd7 42.Bd5 Bf6 43.Kg2 Kg7 44.Kf3 Ba4
45.Rf1 Bd4 46.Ba2 f6 47.Bb1 Kf7 48.Rh1 Ke6 49.h4 Ke5 50.h5 g5 51.h6 Bc3 52.Ke3 Bd4+
53.Kf3 Bb3 54.Ke2 Bc4+ 55.Kf3 f5 56.Rh5 fxe4+ 57.Bxe4 Be2+ 58.Kxe2 Kxe4 59.Rh1 Be3
60.Rb1 Bc1 61.Kf2 g4 62.Ke2 Kd4  0-1

[Event "FSIMA June"]
[Site "Budapest HUN"]
[Date "2009.06.11"]
[Round "6"]
[White "Kahn,E"]
[Black "Platzgummer,F"]
[Result "1/2-1/2"]
[WhiteElo "2285"]
[BlackElo "2285"]

1.d4 Nf6 2.c4 e6 3.Nf3 c5 4.d5 exd5 5.cxd5 d6 6.Nc3 g6 7.e4 a6 8.a4 Bg4 9.Be2 Bxf3
10.Bxf3 Bg7 11.O-O O-O 12.g3 Nbd7 13.Bg2  1/2-1/2

[Event "XXVII Open A"]
[Site "Balatonlelle HUN"]
[Date "2009.06.13"]
[Round "1"]
[White "Rezsek,G"]
[Black "Leviczky,T"]
[Result "1/2-1/2"]
[WhiteElo "2102"]
[BlackElo "2317"]

1.d4 Nf6 2.c4 c5 3.d5 e6 4.Nc3 exd5 5.cxd5 d6 6.Nf3 g6 7.Bf4 a6 8.a4 Bg7
9.e4 O-O 10.Be2 Bg4 11.h3 Bxf3 12.Bxf3 Qc7 13.O-O Nbd7 14.Re1 Rfe8 15.Qc2 c4
16.Be2 Rac8 17.a5 Nc5 18.Bxc4 Ncxe4 19.Nxe4 Nxe4 20.Rxe4 Rxe4 21.Qxe4 Qxc4
22.Rc1 Qxe4 23.Rxc8+ Bf8 24.Bh6 Qe1+ 25.Kh2 Qe5+ 26.Kg1  1/2-1/2

[Event "XXVII Open A"]
[Site "Balatonlelle HUN"]
[Date "2009.06.13"]
[Round "1"]
[White "Csiszar,C"]
[Black "Nagy,Ga1"]
[Result "0-1"]
[WhiteElo "2450"]
[BlackElo "2210"]

1.d4 Nf6 2.c4 c5 3.d5 e6 4.Nc3 exd5 5.cxd5 d6 6.Nf3 g6 7.Bf4 a6 8.a4 Bg7
9.e3 O-O 10.Be2 Bg4 11.O-O Re8 12.h3 Bxf3 13.Bxf3 Qc7 14.g4 h6 15.e4 Nbd7
16.Qd2 Kh7 17.Rae1 Rab8 18.Bd1 b5 19.axb5 axb5 20.Bc2 b4 21.Nd1 c4 22.f3 Rec8
23.Rf2 Ne8 24.Be3 Qa5 25.Ref1 Qa2 26.Qc1 Ne5 27.f4 Nd3 28.Bxd3 cxd3 29.Qd2 Qc4
30.Rg2 Qxe4 31.Nf2 Qxd5 32.Nxd3 b3 33.Qd1 Qe4 34.Re1 Rc2 35.Bf2 Qd5 36.Re2 Rbc8
37.Kh2 Nf6 38.Be1 Rxe2 39.Rxe2 Ne4 40.Qb1 Rc2 41.Qd1 Nc5  0-1

[Event "XXVII Open A"]
[Site "Balatonlelle HUN"]
[Date "2009.06.14"]
[Round "2"]
[White "Kincs,I"]
[Black "Toth,Ge2"]
[Result "1-0"]
[WhiteElo "2253"]
[BlackElo "2067"]

1.d4 Nf6 2.c4 e6 3.Nf3 c5 4.d5 exd5 5.cxd5 d6 6.Nc3 g6 7.Nd2 a6 8.a4 Nbd7
9.e4 Bg7 10.Be2 O-O 11.O-O Ne8 12.a5 b5 13.axb6 Nxb6 14.Na4 Nxa4 15.Rxa4 f5
16.exf5 Bxf5 17.Rxa6 Rxa6 18.Bxa6 Qa8 19.Bc4 Nc7 20.g4 Bd7 21.Ne4 Be5 22.Be3 Bb5
23.b3 Qa3 24.Qe2 Bxc4 25.bxc4 Rb8 26.Kg2 Rb2 27.Qf3 Ne8 28.Rc1 Rb7 29.Qe2 Qb3
30.Nxc5 dxc5 31.Bxc5 Qb2 32.Re1 Qxe2 33.Rxe2 Nd6 34.Rxe5 Nxc4 35.Re8+ Kf7
36.Rf8+ Kg7 37.Rf4 Nd2 38.Bf8+ Kg8 39.Bh6 Rb8 40.Ra4 Nb3 41.Ra7 Rd8 42.Rg7+ Kh8
43.d6 Nc5 44.Rc7 Ne6 45.Re7 Nc5 46.Be3 Nd7 47.Bd4+ Kg8 48.Rg7+ Kf8 49.Rxh7  1-0

[Event "zt 2.4"]
[Site "Rio de Janeiro BRA"]
[Date "2009.06.14"]
[Round "7"]
[White "Moreno,W"]
[Black "Leitao,R"]
[Result "0-1"]
[WhiteElo "2190"]
[BlackElo "2590"]

1.d4 Nf6 2.c4 e6 3.Nf3 c5 4.d5 exd5 5.cxd5 d6 6.Nc3 g6 7.h3 a6 8.a4 Qe7 9.Nd2 Nbd7
10.e4 Ne5 11.Be2 g5 12.O-O Rg8 13.Nf3 g4 14.hxg4 Nfxg4 15.Bf4 Nxf3+ 16.Bxf3 Ne5
17.Be2 Ng6 18.Bg3 Bg7 19.Bg4 Bxg4 20.Qxg4 Qd7 21.Qxd7+ Kxd7 22.a5 Rae8 23.Rfe1 h5
24.Na4 h4 25.Bh2 Be5 26.Nb6+ Kc7 27.Nc4 Bxh2+ 28.Kxh2 Nf4 29.g3 Nd3 30.Re2 f5
31.gxh4 Nf4 32.Re3 Rg2+ 33.Kh1 Rg4  0-1

[Event "13th Open"]
[Site "Voronezh RUS"]
[Date "2009.06.14"]
[Round "3"]
[White "Papin,V"]
[Black "Gorkavij,V"]
[Result "1-0"]
[WhiteElo "2462"]
[BlackElo "2327"]

1.d4 Nf6 2.c4 e6 3.Nf3 c5 4.d5 exd5 5.cxd5 d6 6.Nc3 g6 7.h3 Bg7 8.e4 O-O
9.Bd3 Re8 10.O-O Na6 11.Bf4 Nc7 12.a4 b6 13.Re1 a6 14.Bh2 Rb8 15.e5 dxe5
16.Nxe5 Bb7 17.Nc6 Bxc6 18.dxc6 Rc8 19.Bc4 Rxe1+ 20.Qxe1 Qd4 21.Qe2 Re8 22.Qf1 b5
23.axb5 axb5 24.Nxb5 Nxb5 25.Bxb5 Ne4 26.c7 Rf8 27.Rd1 Qxb2 28.Rd8 Bd4 29.c8=Q  1-0

[Event "13th Master Open"]
[Site "Voronezh RUS"]
[Date "2009.06.17"]
[Round "6"]
[White "Hudyakov,S"]
[Black "Airapetian,Ta"]
[Result "0-1"]
[WhiteElo "2234"]
[BlackElo "2125"]

1.d4 Nf6 2.c4 e6 3.Nf3 c5 4.d5 exd5 5.cxd5 d6 6.Nc3 g6 7.Nd2 Bg7 8.e4 O-O
9.Bd3 Na6 10.O-O Nc7 11.a4 b6 12.Nc4 Rb8 13.Bf4 Nfe8 14.Nb5 Nxb5 15.axb5 Rb7
16.Qf3 f5 17.Qg3 fxe4 18.Bxe4 Bf5 19.f3 Qf6 20.Rad1 Rd7 21.h4 h6 22.Rd2 Kh7
23.Qh2 Bxe4 24.fxe4 Rdf7 25.Rf3 Qe7 26.Re2 Qd7 27.Na3 Qg4 28.h5 Rxf4  0-1

[Event "13th FIDE Open"]
[Site "Voronezh RUS"]
[Date "2009.06.18"]
[Round "7"]
[White "Deriabina,S"]
[Black "Gusarchuk,An"]
[Result "0-1"]
[WhiteElo "2071"]
[BlackElo "2096"]

1.d4 Nf6 2.c4 c5 3.d5 e6 4.Nc3 exd5 5.cxd5 d6 6.Nf3 g6 7.Bg5 Bg7 8.e3 O-O
9.h4 h6 10.Bf4 a6 11.a4 Bg4 12.Be2 Nh5 13.Bh2 Qe7 14.O-O Nd7 15.Nd2 Bxe2
16.Qxe2 f5 17.e4 f4 18.Nf3 Ne5 19.Nxe5 Bxe5 20.Qg4 Kh7 21.Ra3 Rf7 22.Rb3 Raf8
23.Ne2 Qe8 24.Ra1 b5 25.axb5 axb5 26.Ra6 b4 27.Ra5 Qd8 28.Ra6 Qb8 29.Nc1 c4
30.Rf3 Bxb2 31.Ne2 Be5 32.Qe6 b3 33.g4 Ng7  0-1

[Event "13th Master Open"]
[Site "Voronezh RUS"]
[Date "2009.06.19"]
[Round "8"]
[White "Rakhmanov,Ale"]
[Black "Ponkratov,P"]
[Result "1-0"]
[WhiteElo "2543"]
[BlackElo "2579"]

1.d4 Nf6 2.c4 c5 3.d5 e6 4.Nc3 exd5 5.cxd5 d6 6.Nf3 g6 7.e4 Bg7 8.Nd2 O-O
9.Be2 a6 10.a4 Re8 11.O-O Nbd7 12.Qc2 Qe7 13.Ra3 Ne5 14.h3 g5 15.Re1 g4 16.hxg4 Nfxg4
17.Nd1 h5 18.Nf1 Ng6 19.Ng3 Bd4 20.Bxg4 hxg4 21.Ne3 Qf6 22.Nef5 Be5 23.Qe2 Bxg3
24.Nxg3 Bd7 25.Qd2 Qh4 26.Qg5 Qxg5 27.Bxg5 b5 28.Nh5 Re5 29.Nf6+ Kg7 30.Nxd7 Rxg5
31.axb5 Rh8 32.b6 Nf4 33.Rg3 f5 34.exf5 Kf7 35.f3 Rgh5 36.fxg4 Rh1+ 37.Kf2 Rxe1
38.Kxe1 Ke7 39.Rf3 Nxd5 40.Rh3 Rxh3 41.gxh3 Kxd7 42.b7 Kc7 43.g5 Nf4 44.f6 Nd3+
45.Kd1 Nf2+ 46.Kc2  1-0

[Event "Open"]
[Site "Albena BUL"]
[Date "2009.06.21"]
[Round "2"]
[White "Chatalbashev,B"]
[Black "Szamoskozi,G"]
[Result "1/2-1/2"]
[WhiteElo "2571"]
[BlackElo "2307"]

1.d4 Nf6 2.c4 c5 3.d5 e6 4.Nc3 exd5 5.cxd5 d6 6.Nf3 g6 7.h3 Bg7 8.e4 O-O
9.Bd3 b5 10.Bxb5 Nxe4 11.Nxe4 Qa5+ 12.Nfd2 Qxb5 13.Nxd6 Qa6 14.N2c4 Nd7 15.O-O Nb6
16.Nxb6 Qxb6 17.Nxc8 Raxc8 18.d6 Rfd8 19.Bf4 Rd7 20.Qa4 Qb7 21.Rfe1 h6 22.Rad1 g5
23.Bg3 Rcd8 24.b3 Bf8 25.Qc4 Bxd6 26.Bxd6 Rxd6 27.Rxd6 Rxd6 28.Re8+ Kg7 29.Qc3+ Rf6
30.Qxc5 Qd7 31.Ra8 Qd1+ 32.Kh2 Qd2 33.Rxa7 Rxf2 34.Qe5+ Kh7 35.Qe4+ Kg7 36.Qe5+ Kh7
37.Qe4+ Kg7 38.Re7 Rxg2+  1/2-1/2

[Event "Petr Izmailov Mem"]
[Site "Tomsk RUS"]
[Date "2009.06.25"]
[Round "2"]
[White "Gnusarev,P"]
[Black "Ismailov,M"]
[Result "1-0"]
[WhiteElo "2373"]
[BlackElo "2037"]

1.d4 Nf6 2.c4 e6 3.Nf3 c5 4.d5 exd5 5.cxd5 d6 6.Nc3 g6 7.Bf4 a6 8.a4 Bg7
9.h3 O-O 10.e3 Qe7 11.Bd3 Nbd7 12.O-O Rb8 13.Re1 Ne8 14.e4 Ne5 15.Nxe5 Bxe5
16.Bxe5 Qxe5 17.Qd2 g5 18.Ne2 Ng7 19.b4 b6 20.Rab1 Bd7 21.Bxa6 Bxa4 22.b5 Qxe4
23.Nc3 Qc2 24.Re2 Qxd2 25.Rxd2 Rfe8 26.Nxa4 Nf5 27.Nc3 Nd4 28.Kf1 Kf8 29.Re1 Rxe1+
30.Kxe1 Ke7 31.Kd1 f5 32.Ne2 Nb3 33.Rd3 Na5 34.Re3+ Kd7 35.Re6 Rf8 36.Ng3 Nc4
37.Bb7  1-0

[Event "GM Dopravni"]
[Site "Brno CZE"]
[Date "2009.06.27"]
[Round "2"]
[White "Polak,T"]
[Black "Vymazal,B"]
[Result "1-0"]
[WhiteElo "2508"]
[BlackElo "2338"]

1.d4 Nf6 2.c4 e6 3.Nc3 c5 4.d5 exd5 5.cxd5 d6 6.Nf3 g6 7.h3 a6 8.a4 Qe7 9.Nd2 Nbd7
10.e4 Bg7 11.Bd3 O-O 12.O-O Rb8 13.Rb1 Nh5 14.Nf3 Ne5 15.Be2 Nxf3+ 16.Bxf3 Nf6
17.Be3 Nd7 18.Qd2 Ne5 19.Be2 f5 20.Bg5 Qc7 21.Rbe1 c4 22.f4 Nf7 23.Bh4 b5
24.axb5 axb5 25.exf5 gxf5 26.Rf3 b4 27.Nd1 Rb5 28.Bf2 Nh8 29.Rg3 Bb7 30.h4 Rxd5
31.Qxb4 Rc8 32.Ne3 Rc5 33.Bxc4+ Rxc4 34.Nxc4 Qxc4 35.Qxb7 Nf7 36.b3  1-0

[Event "12th Festival IM"]
[Site "Bischwiller FRA"]
[Date "2009.07.05"]
[Round "1"]
[White "Barsov,A"]
[Black "Riff,V"]
[Result "1/2-1/2"]
[WhiteElo "2511"]
[BlackElo "2314"]

1.d4 Nf6 2.Nf3 e6 3.c4 c5 4.d5 exd5 5.cxd5 d6 6.Nc3 g6 7.h3 Bg7 8.e4 O-O
9.Bd3 Nh5 10.O-O Nd7 11.Be3 Re8 12.Qd2 Ne5 13.Be2 Nxf3+ 14.Bxf3 Nf6 15.Rfe1 a6
16.a4 b6 17.Rab1 Nd7 18.Be2 Be5 19.Bf1 Qf6 20.Rbd1 Qg7 21.f4 Bxc3 22.bxc3 Rxe4
23.Bd4 Rxe1 24.Bxg7 Rxd1 25.Qxd1 Kxg7 26.Qe1 Kf8 27.Qh4 Bb7 28.Qxh7 Bxd5
29.Bc4 Nf6 30.Qh6+ Ke7 31.Bxd5 Nxd5 32.Qg5+ Nf6 33.f5 gxf5 34.Qxf5 b5 35.g4 Rb8
36.axb5 axb5 37.g5 Nd7 38.g6 fxg6 39.Qxg6 b4 40.cxb4 cxb4 41.Qg5+ Ke6 42.Qg4+ Ke7
43.Qg5+ Ke6 44.Qg4+ Ke7 45.Qg5+  1/2-1/2

[Event "37th Greek Teams"]
[Site "Kallithea GRE"]
[Date "2009.07.05"]
[Round "5"]
[White "Grigorov,G"]
[Black "Miroshnichenko,E"]
[Result "0-1"]
[WhiteElo "2489"]
[BlackElo "2696"]

1.d4 Nf6 2.c4 c5 3.d5 e6 4.Nc3 exd5 5.cxd5 d6 6.Nf3 g6 7.Bf4 a6 8.a4 Qe7
9.g3 Bg7 10.Bg2 O-O 11.O-O Nbd7 12.h3 Rb8 13.Rb1 Nh5 14.Bg5 f6 15.Bd2 f5
16.Bg5 Qe8 17.Qc1 Ne5 18.b4 c4 19.Bd2 Bd7 20.a5 Nf7 21.Re1 g5 22.Nxg5 Nxg5
23.Bxg5 Qg6 24.Bd2 f4 25.g4 Rbe8 26.gxh5 Qg5 27.Kf1 Qh4 28.Nd1 Bxh3 29.f3 Bxg2+
30.Kxg2 Qg3+ 31.Kf1 Bd4 32.e3 Qxf3+ 33.Kg1 Qg3+  0-1

[Event "12th Festival IM"]
[Site "Bischwiller FRA"]
[Date "2009.07.06"]
[Round "2"]
[White "Barsov,A"]
[Black "Bellahcene,B"]
[Result "1-0"]
[WhiteElo "2511"]
[BlackElo "1973"]

1.d4 Nf6 2.Nf3 e6 3.c4 c5 4.d5 exd5 5.cxd5 d6 6.Nc3 g6 7.h3 Bg7 8.e4 O-O
9.Bd3 b5 10.Nxb5 Re8 11.O-O Nxe4 12.Re1 Nf6 13.Rxe8+ Nxe8 14.Bg5 Bf6 15.Bxf6 Nxf6
16.Nd2 Bb7 17.Nc4 Bxd5 18.Nbxd6 Nc6 19.Qd2 Nd4 20.Re1 Ne6 21.Qc3 Nh5 22.Bf1 Nhf4
23.Ne4 Bxe4 24.Rxe4 Nd5 25.Qc1 Qf6 26.Ne5 Rd8 27.Bc4 Nb6 28.Ng4 Qg5 29.f4 Nxf4
30.Qxf4 Rd1+ 31.Kh2 Qxf4+ 32.Rxf4  1-0

[Event "37th Greek Teams"]
[Site "Kallithea GRE"]
[Date "2009.07.06"]
[Round "6"]
[White "Galopoulos,N"]
[Black "Filippas,S"]
[Result "0-1"]
[WhiteElo "2255"]
[BlackElo "2224"]

1.d4 Nf6 2.c4 e6 3.Nf3 c5 4.d5 d6 5.Nc3 exd5 6.cxd5 g6 7.Bf4 a6 8.e4 b5 9.Qe2 Be7
10.e5 dxe5 11.Bxe5 Nbd7 12.Bd6 b4 13.O-O-O bxc3 14.Re1 Nxd5 15.Bxe7 Nxe7
16.bxc3 O-O 17.Qxe7 Qa5 18.Bd3 Qxc3+ 19.Bc2 Qa3+ 20.Kd1 Qxa2 21.h4 Bb7 22.Nd2 Rad8
23.Bb3 Qa5 24.Qg5 Nf6 25.Kc2 Nd5 26.Rh3 Nb4+ 27.Kb1 Bd5  0-1

[Event "IM"]
[Site "Saint-Lo FRA"]
[Date "2009.07.12"]
[Round "7"]
[White "Marchand,F"]
[Black "Ornstein,A"]
[Result "0-1"]
[WhiteElo "2251"]
[BlackElo "2424"]

1.d4 Nf6 2.c4 e6 3.Nf3 c5 4.d5 d6 5.Nc3 exd5 6.cxd5 g6 7.e4 a6 8.h3 b5 9.a3 Bg7
10.Bd3 O-O 11.O-O Re8 12.Re1 Nbd7 13.Bf4 Ne5 14.Nxe5 dxe5 15.Be3 c4 16.Bf1 Bf8
17.b3 cxb3 18.Qxb3 Bd6 19.Bg5 Kg7 20.a4 b4 21.Nd1 h6 22.Bd2 Nd7 23.Nb2 Rb8
24.Nc4 Bc5 25.a5 Bd4 26.Rab1 Nc5 27.Qf3 f5 28.exf5 Bxf5 29.Rxb4 Rxb4 30.Bxb4 e4
31.Qg3 Qxd5 32.Qc7+ Kg8 33.Nd6 e3 34.Rxe3 Rxe3 35.fxe3 Bxe3+ 36.Kh1  0-1

[Event "32nd Aegean Open"]
[Site "Aghios Kirykos GRE"]
[Date "2009.07.17"]
[Round "7"]
[White "Vorobiov,E"]
[Black "Ris,R"]
[Result "1-0"]
[WhiteElo "2598"]
[BlackElo "2421"]

1.Nf3 Nf6 2.c4 e6 3.d4 c5 4.d5 d6 5.Nc3 exd5 6.cxd5 g6 7.Bf4 a6 8.a4 Bg7
9.h3 O-O 10.e3 Qe7 11.Be2 Nbd7 12.O-O Nh5 13.Bh2 f5 14.Nd2 Nhf6 15.Nc4 Ne8
16.a5 Rb8 17.Na4 Ne5 18.Rb1 Nxc4 19.Bxc4 Be5 20.Bxe5 Qxe5 21.b4 f4 22.exf4 Qxf4
23.Qc1 cxb4 24.Rxb4 Nc7 25.Nb6 Nb5 26.Qb2 Bxh3 27.Bxb5 Qg5 28.f4  1-0

[Event "32nd Taminco Open"]
[Site "Ghent BEL"]
[Date "2009.07.20"]
[Round "5"]
[White "Goormachtigh,J"]
[Black "Alienkin,A"]
[Result "0-1"]
[WhiteElo "2230"]
[BlackElo "2402"]

1.d4 Nf6 2.c4 e6 3.Nf3 c5 4.d5 exd5 5.cxd5 d6 6.Nc3 g6 7.h3 Bg7 8.e4 O-O
9.Bd3 b5 10.Bxb5 Nxe4 11.Nxe4 Qa5+ 12.Nfd2 Qxb5 13.Nxd6 Qa6 14.N2c4 Nd7 15.O-O Nb6
16.Nxb6 Qxb6 17.Nxc8 Raxc8 18.Rb1 Rfd8 19.Bf4 Qa6 20.d6 Rd7 21.Qd5 Bf8 22.Rbd1 c4
23.Rfe1 Rcd8 24.Bg5 Rxd6 25.Bxd8 Rxd5 26.Rxd5 Qxa2 27.Rb5 c3 28.bxc3 Qd2
29.Re8 Kg7 30.Bg5 Qd1+ 31.Kh2 Qd7 32.Rbb8 Bd6+ 33.g3 Bxb8 34.Rxb8 Qc7 35.Ra8 Qb7
36.Re8 Qb5 37.Re7 Qxg5 38.Rxa7 Qd2 39.Kg2 Qxc3  0-1

[Event "13th Battle of Senta Open A"]
[Site "Senta SRB"]
[Date "2009.07.21"]
[Round "5"]
[White "Guzsvany,A"]
[Black "Dudukovic,N"]
[Result "1/2-1/2"]
[WhiteElo "2104"]
[BlackElo "2260"]

1.d4 e6 2.c4 Nf6 3.Nc3 c5 4.d5 exd5 5.cxd5 d6 6.Nf3 g6 7.g3 Bg7 8.Bg2 O-O
9.O-O a6 10.a4 Nbd7 11.Nd2 Rb8 12.Nc4 Ne8 13.Bf4 Nb6 14.Na3 Bd7 15.a5 Na8
16.Nc4 Bb5 17.Qb3 Bxc4 18.Qxc4 Nac7 19.Rab1 Qd7 20.Na4 Qb5 21.Nb6 Qxc4 22.Nxc4 Nb5
23.Bd2 Nf6 24.b4 Rfe8 25.bxc5 dxc5 26.Rfe1 Ne4 27.Bxe4 Rxe4 28.Rbc1 Nd4 29.Be3 Nb3
30.Rc2 Na1 31.Rcc1 Nb3 32.Rc2 Na1  1/2-1/2

[Event "Synthesia Rapid Open"]
[Site "Pardubice CZE"]
[Date "2009.07.22"]
[Round "1"]
[White "Galburd,Y"]
[Black "Stocek,J"]
[Result "0-1"]
[WhiteElo "2265"]
[BlackElo "2584"]

1.d4 Nf6 2.c4 e6 3.Nf3 c5 4.d5 d6 5.Nc3 exd5 6.cxd5 g6 7.e4 a6 8.a4 Bg4 9.Be2 Bxf3
10.Bxf3 Bg7 11.O-O O-O 12.Bd2 Nbd7 13.Be2 Re8 14.Qc2 Rc8 15.Bc4 Qe7 16.Rae1 Ne5
17.b3 Nxc4 18.bxc4 Qe5 19.Rb1 Ng4 20.g3 Qh5 21.h4 Ne5 22.Rxb7 Nf3+ 23.Kg2 Nxh4+
24.Kg1 Qf3 25.gxh4 Qg4+ 26.Kh2 Qxh4+ 27.Kg2 Qg4+ 28.Kh1 Re5 29.Bf4 Rh5+ 30.Bh2 Qh3  0-1

[Event "Czech Open A"]
[Site "Pardubice CZE"]
[Date "2009.07.25"]
[Round "2"]
[White "Pajeken,W"]
[Black "Simacek,P"]
[Result "1-0"]
[WhiteElo "2322"]
[BlackElo "2476"]

1.d4 Nf6 2.c4 c5 3.d5 e6 4.Nc3 exd5 5.cxd5 d6 6.Nf3 g6 7.Nd2 Bg7 8.e4 O-O
9.Be2 Re8 10.f3 Nh5 11.Nc4 Qh4+ 12.Kd2 Bd7 13.g4 Nf4 14.Nxd6 Rf8 15.Nxb7 Qf6
16.Nxc5 Rc8 17.Qg1 Be8 18.h4 Qb6 19.Nb3 Qb4 20.Kd1 Nxe2 21.Kxe2 Bxc3 22.bxc3 Rxc3
23.Bd2 Qc4+ 24.Kf2 Rc2 25.Rc1 Nd7 26.Rxc2 Qxc2 27.Qb1 Qc7 28.Qc1 Qb7 29.Qc6 Qxc6
30.dxc6 Ne5 31.c7 Rc8 32.Ba5 Nc4 33.Rc1 Bb5 34.Rd1 Kg7 35.Rd8 Ba6 36.Nc5  1-0

[Event "13th Battle of Senta Open A"]
[Site "Senta SRB"]
[Date "2009.07.25"]
[Round "9"]
[White "Petrekanovic,M"]
[Black "Restas,P"]
[Result "0-1"]
[WhiteElo "2152"]
[BlackElo "2301"]

1.d4 Nf6 2.Nf3 e6 3.c4 c5 4.d5 exd5 5.cxd5 d6 6.Nc3 g6 7.e4 Bg7 8.h3 O-O
9.Bd3 a6 10.a4 Nbd7 11.O-O Qc7 12.Bf4 Rb8 13.Re1 Ne5 14.Bf1 Nxf3+ 15.Qxf3 Nh5
16.Bh2 f5 17.e5 Bxe5 18.Bxe5 dxe5 19.d6 Qxd6 20.Bc4+ Kh8 21.Rad1 Qe7 22.Nd5 Qg7
23.Nb6 e4 24.Qa3 Re8 25.g4 fxg4 26.Rxe4 Bf5 27.Rxe8+ Rxe8 28.hxg4 Bxg4 29.f3 Bh3
30.Qxc5 Qxb2 31.Qf2 Qf6 32.Nd7 Qg5+ 33.Kh1 Bxd7 34.Rxd7 b5 35.axb5 axb5 36.Bf7 Ng3+
37.Kg1 Qc1+ 38.Kg2 Re2 39.Kxg3 Qg5+  0-1

[Event "Czech Open A"]
[Site "Pardubice CZE"]
[Date "2009.07.26"]
[Round "3"]
[White "Laznicka,V"]
[Black "Pajeken,W"]
[Result "1-0"]
[WhiteElo "2617"]
[BlackElo "2322"]

1.d4 Nf6 2.c4 e6 3.Nf3 c5 4.d5 exd5 5.cxd5 d6 6.Nc3 g6 7.Bf4 a6 8.e4 b5 9.Qe2 Nh5
10.Bg5 Be7 11.Bh6 Bf8 12.Qd2 Bg4 13.Bxf8 Rxf8 14.Be2 Nd7 15.h3 Bxf3 16.Bxf3 Qh4
17.O-O Nf4 18.Qe3 Ne5 19.g3 Nxh3+ 20.Kg2 Qf6 21.Be2 b4 22.Nd1 Nxf2 23.Nxf2 h5
24.a3 bxa3 25.Rxa3 a5 26.Qb3 Qe7 27.Nd3  1-0

[Event "ch-Euro Senior"]
[Site "Rogaska Slatina SLO"]
[Date "2009.07.27"]
[Round "6"]
[White "Pushkov,N"]
[Black "Rooze,J"]
[Result "0-1"]
[WhiteElo "2496"]
[BlackElo "2238"]

1.d4 Nf6 2.Nf3 e6 3.c4 c5 4.d5 d6 5.Nc3 exd5 6.cxd5 g6 7.Nd2 Bg7 8.e4 O-O
9.Be2 a6 10.a4 Re8 11.O-O Nbd7 12.Qc2 Ne5 13.Ra3 g5 14.a5 Rb8 15.b3 Nfd7
16.Re1 Ng6 17.Nc4 Bd4 18.Be3 Nde5 19.Qd2 Nh4 20.Bxd4 cxd4 21.Qxd4 Bh3 22.Qb6 Nxg2
23.Rb1 Qxb6 24.Nxb6 Nf4 25.b4 f5 26.f3 fxe4 27.fxe4 Re7 28.Kf2 Rf8 29.Nd1 Nxe2+
30.Kxe2 Bg4+ 31.Kd2 Nf3+ 32.Ke3 Nxh2 33.Nc3 Rf3+ 34.Kd2 Nf1+ 35.Kc2 Rf2+
36.Kc1 Ne3 37.Rb2 Ref7 38.Rxf2 Rxf2 39.e5 Bf5 40.Ra2 Rxa2 41.Nxa2 dxe5 42.Kd2 Ng4
43.Nc3 h5 44.d6 Nf6 45.Ke3 Kf7 46.Nca4 Ke6 47.Nc5+ Kxd6 48.Nxb7+ Kc6 49.Nd8+ Kb5
50.Nf7 Ng4+ 51.Ke2 Kxb4 52.Nxg5 Kxa5 53.Nc4+ Kb4 54.Nd6 Bg6  0-1

[Event "ch-Euro Senior w"]
[Site "Rogaska Slatina SLO"]
[Date "2009.07.28"]
[Round "7"]
[White "Khropova,L"]
[Black "Komysheva,M"]
[Result "1-0"]
[WhiteElo "2060"]
[BlackElo "2114"]

1.d4 Nf6 2.c4 e6 3.Nf3 c5 4.d5 exd5 5.cxd5 d6 6.Nc3 g6 7.Bg5 Bg7 8.Qd2 O-O
9.e4 a6 10.a4 Nbd7 11.Bd3 Qc7 12.h3 Re8 13.O-O b6 14.Rfe1 Rb8 15.b3 h5 16.Rac1 Nh7
17.Bf4 f6 18.e5 fxe5 19.Bxg6 Rf8 20.Bxh7+ Kh8 21.Bh6 Kxh7 22.Ng5+ Kg8 23.Ne6 Qb7
24.Bxg7 Rf5 25.Qh6 Kf7 26.Nd8+  1-0

[Event "MTO"]
[Site "Biel SUI"]
[Date "2009.07.29"]
[Round "9"]
[White "Pelletier,Y"]
[Black "Cebalo,M"]
[Result "1/2-1/2"]
[WhiteElo "2574"]
[BlackElo "2476"]

1.d4 Nf6 2.c4 e6 3.Nf3 c5 4.d5 d6 5.Nc3 exd5 6.cxd5 g6 7.Bf4 Bg7 8.e4 O-O
9.Be2 a6 10.a4 Bg4 11.O-O Bxf3 12.Bxf3 Qe7 13.Qd2 Nbd7 14.Rfe1 h5 15.Be2 Nh7
16.Bh6 Bxh6 17.Qxh6 Rfe8 18.Qd2 Ndf6 19.Bd3 Qe5 20.f4 Qd4+ 21.Qe3 Qb4 22.Re2 Ng4
23.Qf3 c4 24.Bc2 b5 25.h3 Qc5+ 26.Kh1 b4 27.hxg4 hxg4 28.Qxg4 bxc3 29.bxc3 Nf6
30.Qf3 Kg7 31.g3 Rab8 32.Rd1 Rh8+ 33.Kg2 Qc8 34.e5 Qh3+ 35.Kg1 Ng4 36.Rdd2 Rh5
37.Qg2 Rbh8 38.Qxh3 Rxh3 39.Kg2 dxe5 40.Kf3 Nh2+ 41.Kg2 exf4 42.gxf4 Nf3
43.Rd1 Rh2+ 44.Kf1 R2h4 45.d6 Rxf4 46.Rf2 Rf6 47.d7 Rd8 48.a5 Ne5 49.Rd5 Ng4
50.Rxf6 Nxf6 51.Rd4 Rxd7 52.Rxc4 Rd5 53.Ra4 Nd7 54.Rd4 Rxd4 55.cxd4 Kf6 56.Kf2 Ke7
57.Bd3 Nb8 58.Ke3 Nc6 59.Bxa6 Nxa5 60.Ke4 Kd6 61.Bb5 Nc6 62.Bd3 Ne7 63.Bc4 f6
64.Kf4 Nd5+ 65.Ke4 f5+ 66.Kf3 g5 67.Bd3 Ke6 68.Bc4 Kd6 69.Bd3  1/2-1/2

[Event "zt 3.3"]
[Site "Ho Chi Minh City VIE"]
[Date "2009.07.29"]
[Round "9"]
[White "Watanabe,A"]
[Black "Chua Zheng Yuan,T"]
[Result "1-0"]
[WhiteElo "2339"]
[BlackElo "2226"]

1.d4 Nf6 2.c4 c5 3.d5 e6 4.Nc3 exd5 5.cxd5 d6 6.Nf3 g6 7.Nd2 a6 8.a4 Nbd7
9.e4 Bg7 10.Be2 O-O 11.O-O Re8 12.Ra3 g5 13.Nc4 Nxe4 14.Nxe4 Rxe4 15.Nxd6 Rd4
16.Qc2 Nb6 17.Nxc8 Rxc8 18.Be3 Rb4 19.Bd3 h6 20.Bh7+ Kh8 21.Bf5 Rxb2 22.Qd1 Rb8
23.d6 Qf6 24.Bg4 Qe5 25.d7 Rd8 26.Bc1 Rb4 27.Re3 Qb8 28.Rfe1 Nxd7 29.Qxd7 Rxd7
30.Re8+ Bf8 31.Rxb8 Rxg4 32.Rxf8+ Kg7 33.Rc8 Rd5 34.a5 Re4 35.Kf1 Rb4 36.Ba3 Rb5
37.Rc1 Rxa5 38.R8xc5 Raxc5 39.Bxc5 Rd7 40.h4 f6 41.h5 Kf7 42.Ke2 Ke6 43.g4 Rf7
44.Bd4 b6 45.Rc6+  1-0

[Event "Open"]
[Site "Kavala GRE"]
[Date "2009.08.01"]
[Round "2"]
[White "Vorobiov,E"]
[Black "Ris,R"]
[Result "1-0"]
[WhiteElo "2598"]
[BlackElo "2421"]

1.Nf3 Nf6 2.c4 e6 3.d4 c5 4.d5 d6 5.Nc3 exd5 6.cxd5 g6 7.Bg5 Bg7 8.Nd2 O-O
9.e4 Na6 10.Be2 Nc7 11.a4 b6 12.O-O Re8 13.f4 Qd7 14.e5 dxe5 15.Bxf6 Bxf6
16.Nde4 Bg7 17.d6 exf4 18.dxc7 Qxc7 19.Qd6 Qxd6 20.Nxd6 Re6 21.Bf3 Rb8 22.Nxc8 Bd4+
23.Kh1 Rxc8 24.Bd5 Rd6 25.Rxf4 Bxc3 26.Bxf7+ Kg7 27.bxc3 Rf8 28.Raf1 Rd3
29.c4 Ra3 30.g4 g5 31.Rf5 h6 32.Rf6 Rxa4 33.Rg6+ Kh7 34.Rd6 Kg7 35.Rd7 Kh8
36.Rf5 Ra2 37.Bg6 Ra8 38.Rf6 Re2 39.Bd3 Re1+ 40.Kg2  1-0

[Event "Centroamericano & Caribbean U20 w"]
[Site "Medellin COL"]
[Date "2009.08.01"]
[Round "4"]
[White "Echeverry,M"]
[Black "Loaiza,Y"]
[Result "1-0"]
[WhiteElo "1851"]
[BlackElo "1975"]

1.d4 Nf6 2.c4 c5 3.d5 e6 4.Nc3 exd5 5.cxd5 d6 6.Nf3 g6 7.Bf4 a6 8.e4 b5 9.Bd3 Bg7
10.O-O O-O 11.Qc2 Nh5 12.Bg5 Qc7 13.a4 b4 14.Nb1 Nd7 15.Nbd2 Ne5 16.Nxe5 Bxe5
17.Nc4 Bg7 18.Be2 Nf6 19.Bf4 Ne8 20.Bd3 a5 21.Rad1 Ba6 22.Ne3 Bxd3 23.Rxd3 Rc8
24.Nc4 Bd4 25.Qe2 f6 26.b3 Rd8 27.Kh1 Ng7 28.g4 Rfe8 29.Qf3 Qe7 30.Nxa5 Qxe4
31.Nc6 Rd7 32.a5 f5 33.a6 fxg4 34.Qxe4 Rxe4 35.Bxd6 Rxd6 36.a7 Re8 37.Nb8 Ra6
38.Nxa6 Ra8 39.Nxb4 cxb4 40.Rxd4 Rxa7 41.Rxb4 Nf5 42.Rxg4 Rb7 43.b4 Nd6 44.Rc1 Kf7
45.Rh4 h5 46.Rf4+ Ke7 47.Rg1 Rb5 48.Rxg6 Rxd5 49.Rff6 Rd4 50.Rxd6  1-0

[Event "Centroamericano & Caribbean U20 w"]
[Site "Medellin COL"]
[Date "2009.08.03"]
[Round "7"]
[White "Echeverry,M"]
[Black "Herrera,Mil"]
[Result "0-1"]
[WhiteElo "1851"]
[BlackElo "2118"]

1.d4 Nf6 2.c4 c5 3.d5 e6 4.Nc3 exd5 5.cxd5 d6 6.Nf3 g6 7.e4 Bg7 8.Bf4 a6
9.Qa4+ Bd7 10.Qb3 Qe7 11.Bxd6 Qxd6 12.e5 Qc7 13.d6 Qc8 14.exf6 Bxf6 15.Nd5 Bd8
16.Ng5 Be6 17.Bc4 b5 18.Nc7+ Bxc7 19.dxc7 bxc4 20.Qc3 O-O 21.cxb8=Q Rxb8
22.O-O Bd5 23.Rfd1 Qf5 24.Nh3 Rbd8 25.f3 f6 26.Nf2 h5 27.Qa5 Qc8 28.Qb6 Rd7
29.Rab1 Kg7 30.Re1 Rfd8 31.Ne4 Bxe4 32.Rxe4 Rb7 33.Qa5 Rd4 34.Qe1 Qd8 35.Re8 Qd6
36.Re6 Qd7 37.Rxa6 Rxb2 38.Ra7 Qxa7 39.Rxb2 Qd7 40.Rb1 Rd3 41.Rc1 c3 42.h3 c2
43.Kh2 Rd1 44.Qe3 Qd6+ 45.f4 Rxc1 46.Qxc1 Qd3 47.Qe1 Kf7 48.Qa5 c1=Q 49.Qc7+ Ke6
50.Qc8+ Kd5 51.Qb7+ Kd4  0-1

[Event "4th Timisoara Cup A"]
[Site "Timisoara ROM"]
[Date "2009.08.03"]
[Round "3"]
[White "Balla,Ta"]
[Black "Emodi,G"]
[Result "1-0"]
[WhiteElo "2363"]
[BlackElo "2311"]

1.d4 Nf6 2.c4 e6 3.Nc3 c5 4.d5 exd5 5.cxd5 d6 6.Nf3 g6 7.Nd2 Bg7 8.Nc4 O-O
9.Bf4 Ne8 10.Qd2 a6 11.a4 f5 12.h4 Bf6 13.a5 Ra7 14.g3 Qe7 15.Bg2 Nd7 16.Na4 Ne5
17.Nab6 Nxc4 18.Nxc4 Ra8 19.Rc1 Bd7 20.b4 cxb4 21.Qxb4 Bb5 22.Bf3 Bxc4 23.Rxc4 Rb8
24.O-O Qd7 25.Rfc1 Bd8 26.Be3 Qb5 27.Qxb5 axb5 28.Rb4 Bxa5 29.Rxb5 b6 30.Rc6 Rf7
31.Bxb6 Rfb7 32.Rxa5 Rxb6 33.Rxb6 Rxb6 34.Ra8 Kf8 35.e4 fxe4 36.Bxe4 Rb4
37.Bc2 Kf7 38.h5 Rc4 39.hxg6+ hxg6 40.Bxg6+  1-0